000 00260nam a2200109Ia 4500
008 240625s9999 xx 000 0 und d
041 _aeng
082 _a658.4 ZIM
100 _aHANNA MARK D
245 _aINTEGRATED OPERATIONS MANAGEMENT ADDING
260 _c2002
999 _c33030
_d33030